[Event "KAERNTNER SCHACHSOMMER 2013 22. int. Op"]
[Site "Feffernitz"]
[Date "2013.08.23"]
[Round "7"]
[White "Manhardt, Thomas"]
[Black "Fitzke, Ulrich"]
[Result "1-0"]
[WhiteElo "2217"]
[BlackElo "1992"]
[PlyCount "155"]
[EventDate "2013.08.18"]
[EventRounds "9"]
[EventCountry "AUT"]
[SourceDate "2005.09.12"]

1. e4 c5 2. Nc3 Nc6 3. f4 e5 4. Nf3 exf4 5. Bc4 d6 6. d3 Nf6 7. Bxf4 Be7 8. Qd2
a6 9. a4 Na5 10. Ba2 O-O 11. O-O Bd7 12. Kh1 Nc6 13. e5 dxe5 14. Nxe5 Nxe5 15.
Bxe5 Ng4 16. Bf4 Bc6 17. h3 Nf6 18. Be5 Nd5 19. Rae1 Bg5 20. Qf2 Bh4 21. Qxc5
Nxc3 22. Bxc3 Bxe1 23. Rxe1 Qd7 24. Kh2 Rae8 25. Qg5 Qd6+ 26. Be5 Qg6 27. Qd2
Kh8 28. Re3 Rxe5 29. Rxe5 Qd6 30. Qf4 f6 31. Re4 Qc5 32. Rc4 Qd5 33. Qg3 Re8
34. Bb3 g6 35. Re4 Qd7 36. Rxe8+ Qxe8 37. Qf4 Kg7 38. Qc7+ Kh6 39. a5 Qe2 40.
Qg3 Qd2 41. h4 Qxa5 42. Qf4+ Kg7 43. d4 Qb4 44. Qe3 Qd6+ 45. Kg1 b5 46. d5 Bd7
47. c3 Bf5 48. h5 gxh5 49. c4 bxc4 50. Bxc4 Kg6 51. Qe8+ Kg7 52. b3 a5 53. Qxh5
Bd7 54. Bd3 Qc5+ 55. Kh2 Qd6+ 56. g3 f5 57. Bxf5 Bxf5 58. Qxf5 Qh6+ 59. Kg2
Qd2+ 60. Kh3 Qd1 61. Qg4+ Qxg4+ 62. Kxg4 Kf6 63. Kf4 h5 64. d6 Ke6 65. Kg5 Kxd6
66. Kxh5 Ke7 67. Kg6 Kd6 68. g4 Kc5 69. g5 Kb4 70. Kf5 Kxb3 71. g6 a4 72. g7 a3
73. g8=Q+ Kb2 74. Qg2+ Kb1 75. Qg1+ Kb2 76. Qd4+ Kb1 77. Qb4+ Ka2 78. Ke4 1-0

[Event "KAERNTNER SCHACHSOMMER 2013 22. int. Op"]
[Site "Feffernitz"]
[Date "2013.08.23"]
[Round "7"]
[White "Pregl, Walter"]
[Black "Arztmann, Wolfgang"]
[Result "0-1"]
[WhiteElo "2042"]
[BlackElo "2193"]
[PlyCount "124"]
[EventDate "2013.08.18"]
[EventRounds "9"]
[EventCountry "AUT"]
[SourceDate "2005.09.12"]

1. Nf3 d5 2. d4 Nf6 3. Bf4 c5 4. e3 Nc6 5. c3 Qb6 6. Qc1 Bf5 7. Nbd2 h6 8. h3
e6 9. Be2 Be7 10. O-O Rc8 11. Rd1 O-O 12. Nb3 c4 13. Nbd2 Qa6 14. Re1 b5 15. a3
Qb7 16. Bd1 a5 17. Bc2 b4 18. axb4 axb4 19. e4 dxe4 20. Nxe4 Bxe4 21. Bxe4 Nxe4
22. Rxe4 bxc3 23. bxc3 Bf6 24. Re2 Ne7 25. Nd2 Nd5 26. Ne4 Ra8 27. Rxa8 Rxa8
28. Bg3 Qa6 29. Rb2 Be7 30. Qb1 f5 31. Rb8+ Kh7 32. Rxa8 Qxa8 33. Nc5 Qc6 34.
Qe1 Bxc5 35. dxc5 Qxc5 36. Be5 Ne7 37. Bd4 Qd5 38. f4 Nc6 39. Bf2 e5 40. fxe5
Nxe5 41. Bd4 Nc6 42. Bf2 Nd8 43. Bd4 Ne6 44. Qe5 Qxe5 45. Bxe5 Kg6 46. Kf2 f4
47. Ke2 Kf5 48. Bd6 Ke4 49. Be7 g6 50. Bf6 Nc7 51. Bg7 h5 52. Bf6 Nd5 53. Bg7
g5 54. Bh8 g4 55. hxg4 hxg4 56. Bg7 Ne3 57. Kf2 g3+ 58. Kg1 f3 59. gxf3+ Kxf3
60. Bd4 Nd5 61. Kf1 Nf4 62. Ke1 Ne2 0-1

[Event "KAERNTNER SCHACHSOMMER 2013 22. int. Op"]
[Site "Feffernitz"]
[Date "2013.08.23"]
[Round "7"]
[White "Becker, Matthias"]
[Black "Zauchner, Markus"]
[Result "1-0"]
[WhiteElo "2152"]
[BlackElo "1814"]
[PlyCount "63"]
[EventDate "2013.08.18"]
[EventRounds "9"]
[EventCountry "AUT"]
[SourceDate "2005.09.12"]

1. e4 Nf6 2. e5 Nd5 3. d4 d6 4. Nf3 g6 5. Be2 Bg7 6. O-O O-O 7. c4 Nb6 8. exd6
cxd6 9. Nc3 e5 10. dxe5 dxe5 11. c5 N6d7 12. Be3 Nc6 13. Rc1 Re8 14. Ne4 Nf6
15. Nd6 Re7 16. Ng5 h6 17. Ngxf7 Qf8 18. Nxc8 Rxc8 19. Nd6 Rd8 20. Qb3+ Kh7 21.
Rfd1 Ne8 22. Bf3 Qf6 23. Nxb7 Rb8 24. Bxc6 Qxc6 25. Na5 Qc7 26. Qc3 Nf6 27. Nc4
Ng4 28. Rd6 Rb5 29. b4 a5 30. Nxa5 Re8 31. Qd3 Rxb4 32. Qxg6+ 1-0

[Event "KAERNTNER SCHACHSOMMER 2013 22. int. Op"]
[Site "Feffernitz"]
[Date "2013.08.23"]
[Round "7"]
[White "Strobel, Matthias"]
[Black "Dolinar, Jan"]
[Result "1-0"]
[WhiteElo "2096"]
[BlackElo "1787"]
[PlyCount "99"]
[EventDate "2013.08.18"]
[EventRounds "9"]
[EventCountry "AUT"]
[SourceDate "2005.09.12"]

1. d4 Nf6 2. c4 g6 3. g3 Bg7 4. Bg2 d5 5. cxd5 Nxd5 6. Nf3 O-O 7. O-O c5 8. e4
Nf6 9. Nc3 cxd4 10. Nxd4 Nxe4 11. Be3 Nxc3 12. bxc3 a6 13. Qb3 Qc7 14. Rab1 e5
15. Nc2 Nc6 16. Bb6 Qe7 17. Ne3 Be6 18. Bd5 Rfe8 19. Rfd1 f5 20. Bxe6+ Qxe6 21.
Rd7 Rab8 22. Bc7 Ra8 23. Qxe6+ Rxe6 24. Rxb7 Ra7 25. Rxa7 Nxa7 26. Nd5 Nc6 27.
c4 e4 28. Bd6 Bf8 29. Bxf8 Kxf8 30. Rxh7 Ne5 31. c5 Rc6 32. Rc7 Rxc7 33. Nxc7
a5 34. Ne6+ Ke7 35. Nd4 Kd7 36. h4 Nd3 37. c6+ Kd6 38. Kf1 a4 39. Ke2 Nc1+ 40.
Kd2 Nxa2 41. Nxf5+ Kxc6 42. Ne7+ Kd6 43. Nxg6 Ke6 44. Nf4+ Kf5 45. Nd5 a3 46.
Kc2 Ke5 47. Kb1 Kxd5 48. Kxa2 Ke5 49. h5 Kf5 50. g4+ 1-0

[Event "KAERNTNER SCHACHSOMMER 2013 22. int. Op"]
[Site "Feffernitz"]
[Date "2013.08.23"]
[Round "7"]
[White "Zeuner, Michael"]
[Black "Arztmann, Nils"]
[Result "1-0"]
[WhiteElo "2164"]
[BlackElo "1877"]
[PlyCount "59"]
[EventDate "2013.08.18"]
[EventRounds "9"]
[EventCountry "AUT"]
[SourceDate "2005.09.12"]

1. g3 d5 2. Bg2 Nf6 3. d3 c5 4. f4 g6 5. Nf3 Bg7 6. O-O b6 7. e4 Bb7 8. e5 Ng4
9. Ng5 Nh6 10. c4 e6 11. Nc3 Nf5 12. cxd5 exd5 13. e6 fxe6 14. Nxe6 Qd7 15.
Nxd5 Na6 16. Re1 Kf7 17. Qb3 Nd4 18. Nxd4 Bxd4+ 19. Be3 Bxe3+ 20. Rxe3 Kf8 21.
Re7 Qc6 22. Rae1 Rd8 23. Ne3 Qf6 24. Rxb7 Nb4 25. Ng4 Qd4+ 26. Kh1 Rd7 27. Rb8+
Kg7 28. Rxh8 Kxh8 29. Re8+ Kg7 30. Qg8# 1-0

[Event "KAERNTNER SCHACHSOMMER 2013 22. int. Op"]
[Site "Feffernitz"]
[Date "2013.08.23"]
[Round "7"]
[White "Trampitsch, Hannes"]
[Black "Cattaneo, Ugo"]
[Result "1-0"]
[WhiteElo "2037"]
[BlackElo "1839"]
[PlyCount "45"]
[EventDate "2013.08.18"]
[EventRounds "9"]
[EventCountry "AUT"]
[SourceDate "2005.09.12"]

1. e4 e5 2. d4 exd4 3. c3 d3 4. Bxd3 Nc6 5. Nf3 d6 6. h3 Nf6 7. O-O Be7 8. Re1
O-O 9. Nbd2 Re8 10. Nf1 Bf8 11. Bc2 Ne5 12. Nd4 Bd7 13. Ng3 g6 14. f4 Nc6 15.
Nf3 Bg7 16. e5 dxe5 17. fxe5 Nh5 18. Nxh5 gxh5 19. Ng5 h6 20. Qxh5 hxg5 21.
Bxg5 Qc8 22. Qh7+ Kf8 23. Bf6 1-0

[Event "KAERNTNER SCHACHSOMMER 2013 22. int. Op"]
[Site "Feffernitz"]
[Date "2013.08.23"]
[Round "7"]
[White "Gebhardt, Christian"]
[Black "Barucco, Mattia"]
[Result "1-0"]
[WhiteElo "1798"]
[BlackElo "2006"]
[PlyCount "73"]
[EventDate "2013.08.18"]
[EventRounds "9"]
[EventCountry "AUT"]
[SourceDate "2005.09.12"]

1. d4 Nf6 2. c4 g6 3. Nc3 Bg7 4. e4 d6 5. Nf3 O-O 6. Be2 e5 7. O-O Nc6 8. d5
Ne7 9. b4 Nh5 10. Nd2 Nf4 11. c5 Nxe2+ 12. Qxe2 a5 13. bxa5 Rxa5 14. Nb3 Ra6
15. a4 Kh8 16. cxd6 cxd6 17. Be3 f5 18. f3 f4 19. Bf2 g5 20. Rfc1 Ng6 21. Nb5
g4 22. Nc7 Qg5 23. Nxa6 bxa6 24. Kh1 g3 25. Bb6 Qh5 26. Bg1 gxh2 27. Bf2 Bf6
28. Rc7 Bh4 29. Bxh4 Nxh4 30. Rac1 Bh3 31. gxh3 Nxf3 32. Rc8 Rxc8 33. Rxc8+ Kg7
34. Rc3 Qg6 35. Qg2 Ng5 36. Nd2 Qh5 37. Nf3 1-0

[Event "KAERNTNER SCHACHSOMMER 2013 22. int. Op"]
[Site "Feffernitz"]
[Date "2013.08.23"]
[Round "7"]
[White "Eisenbeiser, Karlheinz"]
[Black "Martin, Heinz"]
[Result "1-0"]
[WhiteElo "2000"]
[BlackElo "1789"]
[PlyCount "77"]
[EventDate "2013.08.18"]
[EventRounds "9"]
[EventCountry "AUT"]
[SourceDate "2005.09.12"]

1. g3 g6 2. Bg2 Bg7 3. e4 e5 4. Ne2 Ne7 5. c3 d5 6. exd5 Nxd5 7. Qb3 c6 8. O-O
O-O 9. d4 Nb6 10. dxe5 Be6 11. Qc2 Bxe5 12. Rd1 Qe7 13. Nd4 Bd5 14. Nf3 Bf6 15.
Re1 Qd8 16. Bh6 Re8 17. Nbd2 N8d7 18. Rxe8+ Qxe8 19. c4 Be6 20. Re1 Qe7 21. b3
Qa3 22. Ne4 Bh8 23. Bc1 Qf8 24. Bf4 Bf5 25. Qc1 Bxe4 26. Rxe4 Nc5 27. Bh6 Qd6
28. Re2 Bg7 29. Bxg7 Kxg7 30. b4 Nd3 31. Qc3+ f6 32. Rd2 Qxb4 33. Qxd3 Nxc4 34.
Re2 Nb6 35. Nd4 Rb8 36. Qe3 a5 37. Ne6+ Kf7 38. Qh6 Ke7 39. Qxh7+ 1-0

[Event "KAERNTNER SCHACHSOMMER 2013 22. int. Op"]
[Site "Feffernitz"]
[Date "2013.08.23"]
[Round "7"]
[White "Schuhmacher, Jakob"]
[Black "Kejzar, Petra"]
[Result "1-0"]
[WhiteElo "1990"]
[BlackElo "1774"]
[PlyCount "91"]
[EventDate "2013.08.18"]
[EventRounds "9"]
[EventCountry "AUT"]
[SourceDate "2005.09.12"]

1. d4 c5 2. d5 Nf6 3. Nf3 d6 4. Nc3 g6 5. e4 Bg7 6. Bb5+ Nbd7 7. a4 O-O 8. O-O
Rb8 9. Qe2 a6 10. Bd3 Ng4 11. a5 Qc7 12. Nd2 Nde5 13. h3 Nh6 14. f4 Nxd3 15.
cxd3 b5 16. axb6 Rxb6 17. Nc4 Rb3 18. Qc2 Rb4 19. Be3 f5 20. e5 Bb7 21. Na2 Rb5
22. Nc3 Rb4 23. Bd2 dxe5 24. fxe5 Nf7 25. e6 Nd6 26. Bf4 Bf6 27. Nxd6 exd6 28.
Bd2 Rd4 29. Be3 Rb4 30. Rae1 f4 31. Bf2 Re8 32. Qd2 Qb6 33. Re2 Be5 34. Kh1 f3
35. gxf3 Qd8 36. Re4 Qf6 37. Bh4 Qf5 38. Qg2 Bxd5 39. Nxd5 Rxb2 40. Bf2 Rxe6
41. Qg4 Qf7 42. f4 h5 43. Qg3 h4 44. Qg4 Re8 45. fxe5 Rxf2 46. Rxf2 1-0

[Event "KAERNTNER SCHACHSOMMER 2013 22. int. Op"]
[Site "Feffernitz"]
[Date "2013.08.23"]
[Round "7"]
[White "Hofer, Christian"]
[Black "Morze, Gert"]
[Result "1-0"]
[WhiteElo "1898"]
[BlackElo "1910"]
[PlyCount "49"]
[EventDate "2013.08.18"]
[EventRounds "9"]
[EventCountry "AUT"]
[SourceDate "2005.09.12"]

1. d4 Nf6 2. Nf3 g6 3. c4 Bg7 4. g3 d6 5. Bg2 c5 6. Nc3 cxd4 7. Nxd4 O-O 8. O-O
Na6 9. b3 Nd7 10. Bb2 Nb4 11. Rc1 Ne5 12. a3 Nbc6 13. Nxc6 Nxc6 14. e3 Rb8 15.
Qc2 Bf5 16. e4 Nd4 17. Qd1 Bd7 18. Kh1 e5 19. Ne2 Nxe2 20. Qxe2 b5 21. c5 dxc5
22. Rxc5 Qe7 23. Rc7 a6 24. Rd1 Rfd8 25. Qd3 1-0

[Event "KAERNTNER SCHACHSOMMER 2013 22. int. Op"]
[Site "Feffernitz"]
[Date "2013.08.23"]
[Round "7"]
[White "Knaller, Christoph"]
[Black "Dieli, Riccardo"]
[Result "1-0"]
[WhiteElo "2005"]
[BlackElo "1853"]
[PlyCount "103"]
[EventDate "2013.08.18"]
[EventRounds "9"]
[EventCountry "AUT"]
[SourceDate "2005.09.12"]

1. e4 c5 2. g3 g6 3. Bg2 Bg7 4. d3 d6 5. f4 Nc6 6. c3 e6 7. Nf3 Nge7 8. O-O O-O
9. Na3 b6 10. Be3 Bb7 11. Nc2 Rc8 12. Qe2 Qc7 13. Rae1 a6 14. d4 cxd4 15. Ncxd4
d5 16. e5 Nxd4 17. Nxd4 Qc4 18. Nb3 Qxe2 19. Rxe2 a5 20. Rd1 Ba6 21. Red2 a4
22. Nd4 Nc6 23. Nxc6 Rxc6 24. Rd4 b5 25. a3 f6 26. exf6 Bxf6 27. R4d2 Kg7 28.
Bd4 Bxd4+ 29. Rxd4 Kf6 30. Kf2 Ke7 31. Ke3 Rc4 32. Bf3 Rxd4 33. Rxd4 Bc8 34.
Be2 Bd7 35. Rb4 Rb8 36. Kd4 Kd6 37. h4 h6 38. Bd3 Be8 39. Bc2 Ra8 40. Bd1 Ra7
41. Be2 Ra5 42. Bd3 g5 43. hxg5 hxg5 44. fxg5 e5+ 45. Ke3 Ke6 46. Bh7 Kf7 47.
Bf5 e4 48. Kd4 Ra7 49. Kxd5 e3 50. Re4 Re7 51. Rxe7+ Kxe7 52. Bg4 1-0

[Event "KAERNTNER SCHACHSOMMER 2013 22. int. Op"]
[Site "Feffernitz"]
[Date "2013.08.23"]
[Round "7"]
[White "Mostoegl, Konrad"]
[Black "Spitzl, Robert"]
[Result "1-0"]
[WhiteElo "1997"]
[BlackElo "1799"]
[PlyCount "63"]
[EventDate "2013.08.18"]
[EventRounds "9"]
[EventCountry "AUT"]
[SourceDate "2005.09.12"]

1. e4 e5 2. Nf3 Nc6 3. Bb5 a6 4. Ba4 b5 5. Bb3 Be7 6. O-O Nf6 7. d3 O-O 8. Bg5
d6 9. Nc3 Na5 10. h3 Rb8 11. Qd2 b4 12. Bxf6 Bxf6 13. Nd5 Be6 14. Nxb4 Rb6 15.
Nd5 Nxb3 16. Nxf6+ Qxf6 17. axb3 Rfb8 18. Ra3 Qd8 19. Rfa1 Bc8 20. Nh2 c5 21.
Nf1 Ra8 22. Ne3 Be6 23. Qa5 Qb8 24. Qc3 f6 25. Nc4 Rc6 26. Ra4 Qb5 27. b4 Bxc4
28. dxc4 Qb7 29. b5 Rb6 30. Qa3 Kf7 31. f3 g5 32. b3 1-0

[Event "KAERNTNER SCHACHSOMMER 2013 22. int. Op"]
[Site "Feffernitz"]
[Date "2013.08.23"]
[Round "7"]
[White "Frey, Armin"]
[Black "Gruber, Otmar"]
[Result "1-0"]
[WhiteElo "1981"]
[BlackElo "1792"]
[PlyCount "57"]
[EventDate "2013.08.18"]
[EventRounds "9"]
[EventCountry "AUT"]
[SourceDate "2005.09.12"]

1. f4 Nf6 2. e3 d5 3. c4 c6 4. Nf3 e6 5. Nc3 Bb4 6. a3 Be7 7. d4 O-O 8. Bd3
dxc4 9. Bxc4 Nbd7 10. O-O c5 11. Kh1 Nb6 12. Bb3 cxd4 13. exd4 Nbd5 14. Qe2 a6
15. Ne5 Bd7 16. Bd2 Be8 17. Nxd5 exd5 18. Rfe1 Bd6 19. Bc3 Bb5 20. Qf3 Bc6 21.
Rad1 Ne4 22. Re2 Kh8 23. f5 f6 24. Ng6+ hxg6 25. Rxe4 gxf5 26. Qxf5 g5 27. Bxd5
Bd7 28. Qg6 f5 29. Qh6# 1-0

[Event "KAERNTNER SCHACHSOMMER 2013 22. int. Op"]
[Site "Feffernitz"]
[Date "2013.08.24"]
[Round "8"]
[White "Stopa, Jacek"]
[Black "Zozulia, Anna"]
[Result "1/2-1/2"]
[WhiteElo "2491"]
[BlackElo "2316"]
[PlyCount "84"]
[EventDate "2013.08.18"]
[EventRounds "9"]
[EventCountry "AUT"]
[SourceDate "2005.09.12"]

1. d4 Nf6 2. Nc3 d5 3. Bg5 Bf5 4. Bxf6 gxf6 5. e3 e6 6. Bd3 Bg6 7. h4 Nd7 8.
Be2 h6 9. Nh3 c5 10. Nf4 Qb6 11. Nxg6 fxg6 12. Rb1 f5 13. Bb5 cxd4 14. exd4 Bg7
15. O-O O-O-O 16. Bxd7+ Rxd7 17. Ne2 g5 18. Qd3 Qd6 19. Rfe1 Bf6 20. Rbc1 Kb8
21. c3 gxh4 22. Qf3 Rg8 23. Rc2 Rg4 24. Kh1 Rdg7 25. Rg1 Bd8 26. Qh3 Bc7 27. f3
R4g5 28. a3 Qe7 29. Rcc1 Qf7 30. f4 Rg4 31. Rcf1 Qh5 32. Rf3 Qg6 33. b3 Qe8 34.
a4 Qc6 35. Re3 a6 36. Qf3 R7g6 37. c4 dxc4 38. Qxc6 bxc6 39. bxc4 Kc8 40. Rf3
Kd7 41. c5 Rg8 42. Rb3 a5 1/2-1/2

[Event "KAERNTNER SCHACHSOMMER 2013 22. int. Op"]
[Site "Feffernitz"]
[Date "2013.08.24"]
[Round "8"]
[White "Praznik, Niko"]
[Black "Mazi, Leon"]
[Result "0-1"]
[WhiteElo "2347"]
[BlackElo "2368"]
[PlyCount "116"]
[EventDate "2013.08.18"]
[EventRounds "9"]
[EventCountry "AUT"]
[SourceDate "2005.09.12"]

1. c4 e6 2. Nf3 d5 3. b3 d4 4. Bb2 c5 5. b4 Nc6 6. bxc5 Bxc5 7. d3 Nf6 8. g3
O-O 9. Bg2 e5 10. Nfd2 Bf5 11. O-O Qd7 12. Qa4 Rfe8 13. f3 Rac8 14. Ba3 Nb4 15.
Qxd7 Bxd7 16. Rc1 b6 17. Bxb4 Bxb4 18. a3 Bf8 19. a4 a5 20. h4 Nh5 21. Kh2 f5
22. Bh3 g6 23. Ra2 Rc7 24. Nb3 Bb4 25. N1d2 Nf6 26. Bg2 Kf7 27. c5 Be6 28. Nc4
Bxc4 29. cxb6 Rb7 30. Rxc4 Rxb6 31. Nd2 Nd5 32. Nf1 Nc3 33. Rc2 Nxa4 34. f4 Nc3
35. fxe5 Rxe5 36. Rxd4 Rxe2 37. Rxe2 Nxe2 38. Rd7+ Kf6 39. Ne3 Nc3 40. Bd5 Be7
41. Nc4 Ra6 42. Ne3 Rd6 43. Rxd6+ Bxd6 44. Bg8 Kg7 45. Be6 f4 46. Nc4 fxg3+ 47.
Kg2 Bc7 48. d4 Ne2 49. Bd7 Nxd4 50. Ne3 h5 51. Nd5 Bd6 52. Ne3 Kf6 53. Nd5+ Kf7
54. Ne3 Ne6 55. Nc4 Bc7 56. Ba4 Nd4 57. Kh3 Nf5 58. Bc2 Nxh4 0-1

[Event "KAERNTNER SCHACHSOMMER 2013 22. int. Op"]
[Site "Feffernitz"]
[Date "2013.08.24"]
[Round "8"]
[White "Kosmac, Blaz"]
[Black "Becker, Matthias"]
[Result "1/2-1/2"]
[WhiteElo "2209"]
[BlackElo "2152"]
[PlyCount "21"]
[EventDate "2013.08.18"]
[EventRounds "9"]
[EventCountry "AUT"]
[SourceDate "2005.09.12"]

1. e4 e5 2. Nf3 Nc6 3. Bc4 Bc5 4. O-O d6 5. c3 Nf6 6. d4 Bb6 7. dxe5 Nxe5 8.
Nxe5 dxe5 9. Qxd8+ Kxd8 10. Bxf7 Nxe4 11. Be3 1/2-1/2

[Event "KAERNTNER SCHACHSOMMER 2013 22. int. Op"]
[Site "Feffernitz"]
[Date "2013.08.24"]
[Round "8"]
[White "Eisenbeiser, Amadeus"]
[Black "Koefeler, Christian"]
[Result "0-1"]
[WhiteElo "2336"]
[BlackElo "2015"]
[PlyCount "182"]
[EventDate "2013.08.18"]
[EventRounds "9"]
[EventCountry "AUT"]
[SourceDate "2005.09.12"]

1. Nf3 c5 2. e4 Nc6 3. d4 cxd4 4. Nxd4 g6 5. c4 Bg7 6. Be3 Nf6 7. Nc3 O-O 8.
Be2 d6 9. O-O Bd7 10. Qd2 Ng4 11. Bxg4 Bxg4 12. Nce2 Bxe2 13. Nxe2 Qa5 14. a4
Qxd2 15. Bxd2 Rfc8 16. Ra2 Ne5 17. b3 Nd3 18. Be3 Nc5 19. Bxc5 Rxc5 20. Nf4 a5
21. Rd1 Ra6 22. g3 Kf8 23. Kf1 Rb6 24. Rd3 e6 25. Ke1 Re5 26. Re2 Bh6 27. Ng2
f5 28. f3 Ke7 29. Kd1 Rc6 30. Ne1 Rc8 31. exf5 Rxe2 32. f6+ Kxf6 33. Kxe2 Ke7
34. f4 g5 35. fxg5 Bxg5 36. Nf3 h6 37. Nd4 Rc5 38. Nf3 Bf6 39. Nd2 Re5+ 40. Kf3
Rf5+ 41. Kg2 Re5 42. h3 Bg5 43. Nf3 Re2+ 44. Kf1 Rb2 45. h4 Bf6 46. Nd2 Be5 47.
Ke2 Ra2 48. Kf3 Ra1 49. Ne4 Rf1+ 50. Ke2 Rh1 51. Kf2 Rh2+ 52. Kf3 Rh1 53. Kg2
Re1 54. Nf2 h5 55. Nd1 Re2+ 56. Kf3 Re1 57. Ne3 Rg1 58. Ng2 Rf1+ 59. Ke2 Rb1
60. Kf2 Rb2+ 61. Kf3 Rb1 62. Nf4 Bxf4 63. Kxf4 Rf1+ 64. Kg5 Rf5+ 65. Kg6 Re5
66. Rf3 d5 67. cxd5 exd5 68. Rd3 Kd6 69. g4 hxg4 70. h5 Re8 71. h6 Rg8+ 72. Kf7
Rg5 73. h7 Rh5 74. Kg6 Rh2 75. Rg3 Rh4 76. Kg7 Ke5 77. h8=Q Rxh8 78. Kxh8 Kf4
79. Rd3 Ke4 80. Rg3 Kf4 81. Rg1 d4 82. Kg7 d3 83. Kh6 g3 84. Kh5 Kf3 85. Kh4 g2
86. Kh3 d2 87. Kh2 Ke3 88. Kg3 b6 89. Kh2 Kd3 90. Kg3 Ke2 91. Rxg2+ Ke1 0-1

[Event "KAERNTNER SCHACHSOMMER 2013 22. int. Op"]
[Site "Feffernitz"]
[Date "2013.08.24"]
[Round "8"]
[White "Eisenbeiser, Karlheinz"]
[Black "Zeuner, Michael"]
[Result "0-1"]
[WhiteElo "2000"]
[BlackElo "2164"]
[PlyCount "108"]
[EventDate "2013.08.18"]
[EventRounds "9"]
[EventCountry "AUT"]
[SourceDate "2005.09.12"]

1. g3 e5 2. Bg2 Nc6 3. d3 Be7 4. e4 Nf6 5. Nf3 O-O 6. O-O d5 7. exd5 Nxd5 8.
Re1 Bf6 9. Nbd2 g6 10. h3 Bg7 11. Nc4 Re8 12. Kh2 Nb6 13. Nxb6 axb6 14. a3 Be6
15. Ng5 Bd5 16. Bxd5 Qxd5 17. Qf3 Qd7 18. Ne4 Nd4 19. Qd1 f5 20. Nd2 Qd5 21. c3
Nc6 22. Qb3 Rad8 23. Qxd5+ Rxd5 24. d4 Red8 25. Nf3 exd4 26. cxd4 Nxd4 27. Nxd4
Rxd4 28. Bg5 R8d7 29. Rac1 Kf7 30. Bf4 c6 31. Re2 Re7 32. Rxe7+ Kxe7 33. Rc2
Rd3 34. h4 b5 35. Kg2 Bf6 36. Kf1 Rb3 37. Bc1 Ke6 38. Re2+ Kd5 39. Rd2+ Bd4 40.
Ke2 c5 41. Rc2 Ke4 42. Rd2 b6 43. Rc2 Bg7 44. Ke1 Kf3 45. Re2 Bd4 46. Rc2 Kg2
47. Re2 Rf3 48. Re7 Bxf2+ 49. Kd1 Rxg3 50. Rxh7 Rg4 51. h5 gxh5 52. Rxh5 f4 53.
Rh6 c4 54. Rh5 Bc5 0-1

[Event "KAERNTNER SCHACHSOMMER 2013 22. int. Op"]
[Site "Feffernitz"]
[Date "2013.08.24"]
[Round "8"]
[White "Gebhardt, Christian"]
[Black "Baierlein, Martin"]
[Result "1/2-1/2"]
[WhiteElo "1798"]
[BlackElo "2032"]
[PlyCount "120"]
[EventDate "2013.08.18"]
[EventRounds "9"]
[EventCountry "AUT"]
[SourceDate "2005.09.12"]

1. Nf3 Nf6 2. d4 g6 3. c4 d5 4. cxd5 Nxd5 5. e4 Nb6 6. Nc3 Bg7 7. Be3 O-O 8.
Qd2 Nc6 9. Be2 Bg4 10. Rd1 Re8 11. b3 Bxf3 12. Bxf3 e5 13. Ne2 exd4 14. Nxd4
Nxd4 15. Bxd4 Qxd4 16. Qxd4 Bxd4 17. Rxd4 c5 18. Rd3 c4 19. bxc4 Nxc4 20. Rd7
b5 21. O-O Ne5 22. Rd5 Nxf3+ 23. gxf3 Reb8 24. Rc1 Rb7 25. a3 a5 26. Rb1 b4 27.
axb4 axb4 28. Rb3 Ra3 29. Rxa3 bxa3 30. Ra5 Rb1+ 31. Kg2 Ra1 32. Kh3 Kf8 33. f4
Ke7 34. f5 a2 35. fxg6 hxg6 36. Kh4 Kd6 37. Kh3 Kc6 38. Kh4 Kb6 39. Ra8 Kc5 40.
e5 Kd5 41. f4 Ke4 42. Ra7 Rf1 43. Rxa2 Rxf4+ 44. Kg3 Rf5 45. e6 fxe6 46. Re2+
Kd5 47. Rd2+ Kc5 48. Kg4 e5 49. h4 e4 50. h5 Rxh5 51. Kf4 Rh4+ 52. Ke3 Rg4 53.
Rd8 Kc4 54. Rd7 Kc5 55. Rd8 g5 56. Rd7 Kc6 57. Rd8 Kc5 58. Rd7 Rf4 59. Rd8 Rh4
60. Rd7 Rf4 1/2-1/2

[Event "KAERNTNER SCHACHSOMMER 2013 22. int. Op"]
[Site "Feffernitz"]
[Date "2013.08.24"]
[Round "8"]
[White "Jandke, Manfred"]
[Black "Dolinar, Matic"]
[Result "1-0"]
[WhiteElo "2095"]
[BlackElo "1694"]
[PlyCount "43"]
[EventDate "2013.08.18"]
[EventRounds "9"]
[EventCountry "AUT"]
[SourceDate "2005.09.12"]

1. c4 e5 2. g3 Nc6 3. Bg2 Nf6 4. Nc3 Bc5 5. Nf3 O-O 6. O-O d5 7. cxd5 Nxd5 8.
Nxd5 Qxd5 9. Qc2 Qd6 10. Ng5 f5 11. Qc4+ Kh8 12. Nf7+ Rxf7 13. Qxf7 Be6 14. Qh5
Nd4 15. e3 Nc2 16. d4 Bb6 17. d5 Nxa1 18. dxe6 Qxe6 19. Bd2 Rd8 20. Bc3 Qxa2
21. Qxf5 Kg8 22. Qxe5 1-0

[Event "KAERNTNER SCHACHSOMMER 2013 22. int. Op"]
[Site "Feffernitz"]
[Date "2013.08.24"]
[Round "8"]
[White "Zauchner, Markus"]
[Black "Pregl, Walter"]
[Result "0-1"]
[WhiteElo "1814"]
[BlackElo "2042"]
[PlyCount "44"]
[EventDate "2013.08.18"]
[EventRounds "9"]
[EventCountry "AUT"]
[SourceDate "2005.09.12"]

1. e4 e5 2. Nf3 Nc6 3. d4 exd4 4. Nxd4 Bc5 5. Nxc6 bxc6 6. Bc4 Qf6 7. O-O Ne7
8. Nc3 g5 9. Be3 Bd6 10. Bd4 Be5 11. Bxe5 Qxe5 12. Qf3 O-O 13. Qg3 Ng6 14. Be2
Nf4 15. h4 h6 16. hxg5 hxg5 17. Bg4 d6 18. Bf5 Bxf5 19. exf5 Qxf5 20. Qf3 Rfe8
21. Rfe1 d5 22. Ne2 Nxe2+ 0-1

[Event "KAERNTNER SCHACHSOMMER 2013 22. int. Op"]
[Site "Feffernitz"]
[Date "2013.08.24"]
[Round "8"]
[White "Dolinar, Jan"]
[Black "Knaller, Christoph"]
[Result "1-0"]
[WhiteElo "1787"]
[BlackElo "2005"]
[PlyCount "79"]
[EventDate "2013.08.18"]
[EventRounds "9"]
[EventCountry "AUT"]
[SourceDate "2005.09.12"]

1. e4 d5 2. exd5 Qxd5 3. Nc3 Qa5 4. Bc4 c6 5. Nf3 Bf5 6. d3 e6 7. Bd2 Qc7 8.
Qe2 Nd7 9. Nh4 Ne7 10. g4 Bg6 11. f4 Nf6 12. Ne4 O-O-O 13. O-O-O Nfd5 14. Rhf1
Bxe4 15. dxe4 Nb6 16. Bb3 Ng6 17. Ng2 Bd6 18. f5 exf5 19. Rxf5 f6 20. g5 fxg5
21. Rf7 Nd7 22. Bxg5 Rde8 23. Rxg7 Nge5 24. Qd2 Bf8 25. Rg8 Rxg8 26. Bxg8 Bb4
27. Qxb4 Rxg8 28. Nf4 c5 29. Qb3 c4 30. Qc3 Nc5 31. Nd5 Qg7 32. Bf6 Qh6+ 33.
Kb1 Re8 34. Ne7+ Kb8 35. Qxe5+ Ka8 36. Qxc5 Qxf6 37. Nd5 b6 38. Nc7+ Kb7 39.
Nxe8 Qf3 40. Nd6+ 1-0

[Event "KAERNTNER SCHACHSOMMER 2013 22. int. Op"]
[Site "Feffernitz"]
[Date "2013.08.24"]
[Round "8"]
[White "Kock, Hans-Uwe"]
[Black "Mostoegl, Konrad"]
[Result "1-0"]
[WhiteElo "1980"]
[BlackElo "1997"]
[PlyCount "55"]
[EventDate "2013.08.18"]
[EventRounds "9"]
[EventCountry "AUT"]
[SourceDate "2005.09.12"]

1. d4 Nf6 2. c4 e6 3. a3 d5 4. Nc3 c6 5. e3 Be7 6. Nf3 O-O 7. Bd3 dxc4 8. Bxc4
Nbd7 9. O-O Qc7 10. Qe2 e5 11. Rd1 h6 12. Ba2 Re8 13. h3 Bd6 14. d5 e4 15. Nd4
a6 16. dxc6 bxc6 17. b4 Ne5 18. Bb2 c5 19. Ndb5 axb5 20. Nxb5 Nf3+ 21. gxf3
Bh2+ 22. Kh1 Qb8 23. Bxf6 gxf6 24. f4 Bxf4 25. exf4 Qxf4 26. Qe3 Qxe3 27. fxe3
cxb4 28. Nc7 1-0